Plato's Republic : critical essays /

Bibliographic Details
Corporate Author: ProQuest (Firm)
Other Authors: Kraut, Richard, 1944-
Format: eBook
Language:English
Published: Lanham : Rowman and Littlefield Publishers, ©1997.
Series:Critical essays on the classics
Subjects:
Online Access:Connect to the full text of this electronic book

MARC

Tag First Indicator Second Indicator Subfields
LEADER 00000nam a2200000Ia 4500
001 in00004380452
005 20211213071647.0
006 m o d |
007 cr cn|||||||||
008 970507s1997 mdu ob 001 0 eng d
020 |z 084768492X 
020 |z 0847684938 
020 |z 9780585071558 
020 |z 9780847684922 
035 |a (MiAaPQ)EBC1130201 
035 |a (Au-PeEL)EBL1130201 
035 |a (CaPaEBR)ebr10660033 
035 |a (CaONFJC)MIL445161 
035 |a (OCoLC)842965495 
040 |a MiAaPQ  |c MiAaPQ  |d MiAaPQ 
050 4 |a JC71.P6  |b P53 1997 
082 0 4 |a 321/.07  |2 23 
245 0 0 |a Plato's Republic :  |b critical essays /  |c edited by Richard Kraut. 
260 |a Lanham :  |b Rowman and Littlefield Publishers,  |c ©1997. 
300 |a 1 online resource (xiv, 248 pages.) 
336 |a text  |b txt  |2 rdacontent 
337 |a computer  |b c  |2 rdamedia 
338 |a online resource  |b cr  |2 rdacarrier 
490 0 |a Critical essays on the classics 
504 |a Includes bibliographical references and index. 
533 |a Electronic reproduction. Ann Arbor, MI : ProQuest, 2015. Available via World Wide Web. Access may be limited to ProQuest affiliated libraries. 
600 0 0 |a Plato.  |t Republic. 
650 0 |a Philosophy, Ancient. 
655 7 |a Electronic books.  |2 local 
700 1 |a Kraut, Richard,  |d 1944- 
710 2 |a ProQuest (Firm) 
856 4 0 |u https://ebookcentral.proquest.com/lib/tamucs/detail.action?docID=1130201  |z Connect to the full text of this electronic book  |t 0 
955 |a ProQuest Ebooks Purchased EBA 2018 
999 f f |s cad75132-f2c5-3f48-b3fe-53a40338dc4e  |i e961aa81-0096-352c-a020-800232fa3e13  |t 0 
952 f f |a Texas A&M University  |b College Station  |c Electronic Resources  |d Available Online  |t 0  |e JC71.P6 P53 1997  |h Library of Congress classification 
998 f f |a JC71.P6 P53 1997  |t 0  |l Available Online